| 000 | 00853nas a2200277 4500 | ||
|---|---|---|---|
| 001 | BR2011001321 | ||
| 003 | BR-BrBNA | ||
| 005 | 20231205114505.0 | ||
| 007 | ta | ||
| 008 | 230509b bl.|||p| |||| 00| 00por d | ||
| 040 |
_aBR-BrBNA _bpor _cBiblioteca Nacional de Agricultura |
||
| 041 | _a(Pt) | ||
| 072 | _aF01; P40 | ||
| 100 | 1 | _aWalter, L.C. | |
| 100 | 1 | _aRosa, H.T. | |
| 100 | 1 | _aStreck, N.A. | |
| 245 | 1 | _aSimulação do rendimento de grãos de arroz irrigado em cenários de mudanças climáticas | |
| 650 | _aARROZ IRRIGADO | ||
| 650 | _aRENDIMENTO | ||
| 650 | _aCRESCIMENTO | ||
| 650 | _aTEMPERATURA | ||
| 650 | _aDIÓXIDO DE CARBONO | ||
| 773 | 0 |
_tPesquisa Agropecuária Brasileira (Brazil) _xISSN 0100-204X _g(Nov 2010), v. 45(11) p. 1237-1245 _wBR2011001321 |
|
| 909 |
_a202311 _bLúcia _c55 _dLúcia Elande |
||
| 942 |
_2AGRIS _n0 _cANA |
||
| 999 |
_c209015 _d209015 |
||